[Event "38th WCh U20 Girls"]
[Site "Cala Gonone ITA"]
[Date "2022.10.19"]
[Round "8.14"]
[White "Olde, Grete"]
[Black "Radikovic, Anamarija"]
[Result "0-1"]
[WhiteElo "1862"]
[BlackElo "2112"]
[EventDate "2022.10.12"]
[PlyCount "132"]

1.e4 c5 2.Nc3 d6 3.g3 g6 4.Bg2 Bg7 5.d3 Nc6 6.f4 b6 7.Nf3 Bb7 8.O-O Qd7 9.
Be3 Nh6 10.h3 f5 11.a4 O-O 12.Ng5 Nd4 13.Qd2 Rae8 14.Rae1 e6 15.Kh2 a6 16.
b3 Nf7 17.Nxf7 Rxf7 18.Ne2 Rc8 19.Ng1 Qc7 20.Rf2 b5 21.Rb1 Nc6 22.Nf3 Nd8 
23.Nh4 d5 24.exd5 exd5 25.d4 Ne6 26.Nf3 Rd7 27.Re2 Rdd8 28.Bf2 Nf8 29.Rbe1
c4 30.axb5 axb5 31.Qb4 Bc6 32.Re7 Rd7 33.Rxd7 Nxd7 34.Ng5 Bf8 35.Qd2 Nf6 
36.bxc4 bxc4 37.Ne6 Qd6 38.Nxf8 Rxf8 39.Re5 Nd7 40.Re1 Nf6 41.Re5 Ra8 42.
Qe2 Kf7 43.g4 fxg4 44.hxg4 Bd7 45.Bf3 Ra3 46.Kg2 Rxf3 47.Qxf3 Bxg4 48.Qc3 
Nd7 49.Re1 Bf5 50.Bg3 Nf6 51.Qa5 Be4+ 52.Kf2 Qe6 53.Qc7+ Nd7 54.Re3 Qh3 
55.Rxe4 dxe4 56.Qxc4+ Kg7 57.d5 e3+ 58.Kf3 Nf6 59.Qc3 Qg4+ 60.Kg2 Qe2+ 61.
Kh3 Qh5+ 62.Kg2 Qxd5+ 63.Kh3 Qh1+ 64.Bh2 Qf1+ 65.Kh4 Qg2 66.Bg3 Qh1+ 0-1

[Event "38th WCh U20 Girls"]
[Site "Cala Gonone ITA"]
[Date "2022.10.19"]
[Round "8.15"]
[White "Skaslien, Ingrid"]
[Black "Aydin, Gulenay"]
[Result "1/2-1/2"]
[WhiteElo "1909"]
[BlackElo "2109"]
[EventDate "2022.10.12"]
[PlyCount "117"]

1.d4 Nf6 2.c4 g6 3.Nf3 Bg7 4.g3 O-O 5.Bg2 d6 6.O-O Nc6 7.Nc3 a6 8.h3 Rb8 
9.Be3 b5 10.cxb5 axb5 11.Rc1 b4 12.Na4 Bd7 13.b3 Na7 14.Qd2 Bxa4 15.bxa4 
Qd7 16.Qc2 Rfc8 17.Nd2 c6 18.Qb3 Qb7 19.Nc4 Qa6 20.Bf3 Nd5 21.a5 Nb5 22.
Bxd5 cxd5 23.Nb6 Rxc1 24.Rxc1 Nxd4 25.Bxd4 Bxd4 26.Qxb4 Bxb6 27.axb6 Rxb6 
28.Qd4 Rb8 29.Qe3 Qb7 30.a4 e5 31.a5 Qa6 32.Qd2 d4 33.Qa2 Rb5 34.Rc7 d5 
35.Qa3 Kg7 36.Qe7 Qf6 37.a6 Ra5 38.Qd7 Rxa6 39.Qxd5 Qe6 40.Qb7 Ra1+ 41.Kg2
Ra5 42.Rd7 Rc5 43.Qa7 Rc6 44.Rd8 Rd6 45.Ra8 Qd5+ 46.f3 d3 47.Qb8 dxe2 48.
Qh8+ Kh6 49.Qf8+ Kg5 50.Qe7+ f6 51.h4+ Kf5 52.g4+ Kf4 53.Ra4+ Ke3 54.Qa7+ 
Qd4 55.Rxd4 Rxd4 56.Qa3+ Rd3 57.Qc1+ Rd2 58.Qc3+ Rd3 59.Qc1+ 1/2-1/2

[Event "38th WCh U20 Girls"]
[Site "Cala Gonone ITA"]
[Date "2022.10.19"]
[Round "8.16"]
[White "Djidjeli, Sarah"]
[Black "Sebastian, Mhage Gerriahlou"]
[Result "0-1"]
[WhiteElo "2082"]
[BlackElo "1865"]
[EventDate "2022.10.12"]
[PlyCount "94"]

1.e4 c5 2.Nf3 a6 3.c4 e6 4.Nc3 Nc6 5.d4 cxd4 6.Nxd4 Bb4 7.Nxc6 bxc6 8.Qd4 
f6 9.Be2 Qa5 10.Bd2 Ne7 11.O-O O-O 12.a3 Bc5 13.Qd3 Qc7 14.Rad1 Ng6 15.b4 
Bd6 16.Qh3 c5 17.b5 Bb7 18.Kh1 Be5 19.bxa6 Bxa6 20.Nb5 Bxb5 21.cxb5 Ra4 
22.Bd3 Rxa3 23.Bc1 Rb3 24.Qg4 Bf4 25.Bc4 Rb4 26.Rxd7 Qe5 27.Bxf4 Qxf4 28.
Qxe6+ Kh8 29.Rfd1 h5 30.Rf7 Rxf7 31.Qxf7 Kh7 32.Qg8+ Kh6 33.Be2 Qxe4 34.
Bf3 Rb1 35.h3 Rxd1+ 36.Bxd1 Qe1+ 37.Kh2 Qxd1 38.Qe6 Qd4 39.Qc6 Ne5 40.Qa8 
Qxf2 41.b6 c4 42.Qh8+ Kg6 43.Qe8+ Kg5 44.Qa8 Qxb6 45.Qh8 Qc7 46.g3 Qb7 47.
Qh7 Qb2+ 0-1

[Event "38th WCh U20 Girls"]
[Site "Cala Gonone ITA"]
[Date "2022.10.19"]
[Round "8.17"]
[White "Grozdanovic, Anastasia"]
[Black "Bashylina, Luisa"]
[Result "1/2-1/2"]
[WhiteElo "1824"]
[BlackElo "2073"]
[EventDate "2022.10.12"]
[PlyCount "82"]

1.d4 Nf6 2.c4 g6 3.f3 d5 4.cxd5 Nxd5 5.e4 Nb6 6.Nc3 Bg7 7.Be3 O-O 8.Qd2 
Nc6 9.O-O-O Qd6 10.Kb1 Rd8 11.Nb5 Qd7 12.d5 a6 13.Nc3 Qe8 14.Qc1 Ne5 15.h4
f5 16.Nh3 fxe4 17.fxe4 Bg4 18.Be2 Nbc4 19.Bxg4 Nxg4 20.Bd4 e5 21.Bg1 Bh6 
22.Ng5 b5 23.Ne2 c5 24.Qc3 Nf6 25.Qf3 Bxg5 26.hxg5 Nd7 27.Be3 Qe7 28.Rh6 
Nf8 29.Rf1 Rac8 30.Nc3 Nd6 31.Ne2 Nf7 32.Rhh1 b4 33.Qf6 Qxf6 34.Rxf6 Nd6 
35.Ng3 c4 36.Bb6 Rd7 37.Rhf1 Nf7 38.Be3 c3 39.Rxa6 cxb2 40.Rc6 Rxc6 41.
dxc6 Rd3 1/2-1/2

[Event "38th WCh U20 Girls"]
[Site "Cala Gonone ITA"]
[Date "2022.10.19"]
[Round "8.18"]
[White "Popovic, Mateja"]
[Black "Bucur, Denisa-Andreea"]
[Result "0-1"]
[WhiteElo "1718"]
[BlackElo "1946"]
[EventDate "2022.10.12"]
[PlyCount "68"]

1.d4 Nf6 2.c4 e6 3.Nf3 b6 4.g3 Ba6 5.b3 Bb4+ 6.Bd2 Be7 7.Nc3 d5 8.cxd5 
exd5 9.Bg2 O-O 10.O-O Re8 11.Re1 Bb7 12.Qc2 Nbd7 13.Bf4 a6 14.Ne5 Nf8 15.
e4 Ne6 16.exd5 Nxf4 17.gxf4 Bb4 18.Rec1 Bxc3 19.Qxc3 Nxd5 20.Qc4 Rc8 21.
Bh3 b5 22.Qc5 Rb8 23.Nd3 Qh4 24.Bg2 Re6 25.Bxd5 Rg6+ 26.Kf1 Qh3+ 27.Ke1 
Bxd5 28.Ne5 Rd6 29.Qxc7 Rbd8 30.Rc3 Qf5 31.Rac1 h6 32.Nc6 Bxc6 33.Rxc6 
Qe4+ 34.Kf1 Rxd4 0-1

[Event "38th WCh U20 Girls"]
[Site "Cala Gonone ITA"]
[Date "2022.10.19"]
[Round "8.19"]
[White "Daniilidi, Dimitra Lydia"]
[Black "Gabbani, Sara"]
[Result "1-0"]
[WhiteElo "1498"]
[BlackElo "1944"]
[EventDate "2022.10.12"]
[PlyCount "81"]

1.e4 d5 2.exd5 Qxd5 3.Nc3 Qd8 4.d4 Nf6 5.Nf3 g6 6.Be3 Bg7 7.Qd2 O-O 8.
O-O-O Bg4 9.h3 Bxf3 10.gxf3 e6 11.Bh6 Nc6 12.h4 Nh5 13.Bxg7 Kxg7 14.d5 
exd5 15.Nxd5 Qd6 16.f4 Ne7 17.Qc3+ Kg8 18.Nxe7+ Qxe7 19.f5 Rad8 20.Bd3 Rd6
21.fxg6 hxg6 22.Rde1 Qd7 23.Re5 Nf4 24.Bc4 Rd8 25.Qf3 Qc6 26.Re4 Rf6 27.
Qe3 b5 28.Rg1 Nd5 29.Bxd5 Qxd5 30.Reg4 Qxa2 31.c3 Rfd6 32.h5 Rd1+ 33.Kc2 
Qb1+ 34.Kb3 a5 35.Rxg6+ fxg6 36.Rxg6+ Kf8 37.Qf4+ Ke8 38.Qe5+ Kf8 39.Qf6+ 
Ke8 40.Qe6+ Kf8 41.Rg8# 1-0

[Event "38th WCh U20 Girls"]
[Site "Cala Gonone ITA"]
[Date "2022.10.19"]
[Round "8.20"]
[White "Ortega Beltran, Ximena"]
[Black "Pipia, Ekaterine"]
[Result "0-1"]
[WhiteElo "1820"]
[BlackElo "1926"]
[EventDate "2022.10.12"]
[PlyCount "88"]

1.d4 d5 2.Nf3 Nf6 3.c4 e6 4.g3 dxc4 5.Bg2 Nc6 6.O-O Rb8 7.Nc3 b5 8.Ne5 
Nxe5 9.dxe5 Nd7 10.Bc6 a6 11.a4 b4 12.Ne4 Bb7 13.Bxb7 Rxb7 14.Qc2 Nxe5 15.
Rd1 Bd6 16.Bf4 Qe7 17.Bxe5 Bxe5 18.Qxc4 O-O 19.Nc5 Ra7 20.Nd7 Bxb2 21.Rab1
Rd8 22.Rxb2 Rxd7 23.Rxd7 Qxd7 24.Qxb4 Qc8 25.Qe7 Qf8 26.Qd7 g6 27.h4 Qa8 
28.Qe7 Qf8 29.Qd7 Qd6 30.Qe8+ Kg7 31.Rb8 c5 32.Qh8+ Kh6 33.h5 Qd1+ 34.Kh2 
Qd4 35.Qf8+ Kxh5 36.e3 Qe5 37.Rb1 Qf5 38.Rf1 Rd7 39.Qg7 h6 40.f3 Rd2+ 41.
Kg1 Qc2 42.g4+ Kg5 43.Qe5+ Kh4 44.g5 Kh3 0-1

[Event "38th WCh U20 Girls"]
[Site "Cala Gonone ITA"]
[Date "2022.10.19"]
[Round "8.21"]
[White "Cassi, Elisa"]
[Black "Walter, Ema"]
[Result "1/2-1/2"]
[WhiteElo "1965"]
[BlackElo "2062"]
[EventDate "2022.10.12"]
[PlyCount "90"]

1.e4 e5 2.Nf3 Nc6 3.Bb5 Nge7 4.Nc3 Ng6 5.d4 exd4 6.Nxd4 Nxd4 7.Qxd4 c6 8.
Bc4 Qb6 9.Qd1 Be7 10.O-O O-O 11.Bb3 d6 12.Be3 Qc7 13.f4 Bd7 14.a4 Kh8 15.
Ne2 Rae8 16.c3 Bd8 17.Qd2 f5 18.exf5 Bxf5 19.Nd4 Ne7 20.Bf2 d5 21.Rae1 Qd7
22.Nxf5 Nxf5 23.c4 d4 24.c5 b6 25.Re5 Bf6 26.Rxe8 Rxe8 27.Re1 bxc5 28.
Rxe8+ Qxe8 29.g4 Ne3 30.Qe2 Qe4 31.Bxe3 dxe3 32.Qc4 Qe8 33.Qe6 Qxe6 34.
Bxe6 Bxb2 35.Kf1 g6 36.Ke2 Bd4 37.Bc4 Kg7 38.a5 Kf6 39.h4 Bc3 40.a6 Bd4 
41.Kf3 h6 42.g5+ hxg5 43.hxg5+ Ke7 44.Bd3 Kd6 45.Bxg6 c4 1/2-1/2

[Event "38th WCh U20 Girls"]
[Site "Cala Gonone ITA"]
[Date "2022.10.19"]
[Round "8.22"]
[White "Dejanovic, Tereza"]
[Black "Levitan, Ronit"]
[Result "0-1"]
[WhiteElo "1943"]
[BlackElo "2024"]
[EventDate "2022.10.12"]
[PlyCount "92"]

1.e4 e5 2.Nf3 Nc6 3.Bb5 a6 4.Ba4 Nf6 5.O-O Nxe4 6.Re1 Nc5 7.Bxc6 dxc6 8.
Nxe5 Be7 9.d4 Ne6 10.Be3 O-O 11.c4 f6 12.Nf3 f5 13.d5 cxd5 14.Qxd5 Qxd5 
15.cxd5 Nc5 16.Bd4 Bd6 17.Nc3 Bd7 18.Rad1 Rae8 19.Ne5 Bc8 20.f4 b6 21.g3 
Nd7 22.Nxd7 Bxd7 23.h3 h6 24.Kh2 Kf7 25.Be5 Re7 26.Re2 Rfe8 27.Rde1 Bc8 
28.a3 a5 29.Nb5 Bb7 30.Nc3 Ba6 31.Re3 Bc5 32.Kg2 Bxe3 33.Rxe3 Bc4 34.Re1 
Rd8 35.Rd1 Red7 36.a4 Bxd5+ 37.Nxd5 Rxd5 38.Rxd5 Rxd5 39.Bxc7 Rd2+ 40.Kf3 
Rxb2 41.g4 Rb3+ 42.Kg2 fxg4 43.hxg4 b5 44.axb5 Rxb5 45.Kf3 a4 46.Ke3 a3 
0-1

[Event "38th WCh U20 Girls"]
[Site "Cala Gonone ITA"]
[Date "2022.10.19"]
[Round "8.23"]
[White "Simkunaite, Gabija"]
[Black "Femil, Chelladurai"]
[Result "1-0"]
[WhiteElo "2014"]
[BlackElo "1562"]
[EventDate "2022.10.12"]
[PlyCount "69"]

1.e4 c5 2.Nf3 g6 3.d4 cxd4 4.Nxd4 Nc6 5.Nxc6 bxc6 6.Bd3 Bg7 7.O-O Nf6 8.
Nd2 O-O 9.h3 d5 10.e5 Nd7 11.f4 f6 12.exf6 Bxf6 13.Nf3 e5 14.fxe5 Nxe5 15.
Bh6 Nxf3+ 16.Rxf3 Bd4+ 17.Kh1 Rxf3 18.Qxf3 Qf6 19.Qg3 Be5 20.Qe3 d4 21.Qe2
Bf5 22.Bc4+ Kh8 23.Re1 Re8 24.Bf4 Bxf4 25.Qxe8+ Kg7 26.Re7+ Kh6 27.Rf7 Qe5
28.Qf8+ Kg5 29.Qd8+ Kh5 30.Rxh7+ Bh6 31.Re7 Qf6 32.Be2+ Kg5 33.Qc7 Kh4 34.
Kh2 Bxh3 35.Qg3# 1-0

[Event "38th WCh U20 Girls"]
[Site "Cala Gonone ITA"]
[Date "2022.10.19"]
[Round "8.24"]
[White "Malikova, Marjona"]
[Black "Norlamo, Sarabella"]
[Result "1/2-1/2"]
[WhiteElo "1830"]
[BlackElo "1946"]
[EventDate "2022.10.12"]
[PlyCount "118"]

1.c4 Nf6 2.Nc3 e5 3.g3 g6 4.Bg2 Bg7 5.d3 O-O 6.Nf3 Re8 7.O-O Nc6 8.e4 d6 
9.h3 Be6 10.Kh2 h6 11.Be3 Nd7 12.Nd5 Nd4 13.b4 a5 14.a3 c6 15.Nc3 axb4 16.
axb4 Rxa1 17.Qxa1 Nc2 18.Qb2 Nxe3 19.fxe3 Qb6 20.Re1 Ra8 21.Bf1 Qa7 22.b5 
Qa3 23.Qc2 Qc5 24.Nd2 Ra3 25.Ndb1 Ra5 26.bxc6 bxc6 27.Na4 Qa7 28.Nbc3 Nb6 
29.Nb2 Nd7 30.Nba4 Nc5 31.Nxc5 Qxc5 32.Qb2 Qa3 33.Qd2 Qc5 34.Nb5 Ra4 35.d4
Qb4 36.Qxb4 Rxb4 37.Nxd6 exd4 38.exd4 Bxd4 39.e5 Rb2+ 40.Bg2 c5 41.g4 Rc2 
42.Kh1 Bxc4 43.Nxc4 Rxc4 44.Bd5 Rc3 45.e6 fxe6 46.Rxe6 Kg7 47.Be4 Bf6 48.
Rc6 Rxh3+ 49.Kg2 Rc3 50.Rc7+ Kf8 51.Bxg6 Be5 52.Rc6 Rg3+ 53.Kh1 Rxg4 54.
Rxc5 Rh4+ 55.Kg2 Rg4+ 56.Kh1 Bd6 57.Rf5+ Kg7 58.Bh5 Rh4+ 59.Kg2 Rh2+ 
1/2-1/2

[Event "38th WCh U20 Girls"]
[Site "Cala Gonone ITA"]
[Date "2022.10.19"]
[Round "8.25"]
[White "Sala, Giulia"]
[Black "Muha, Magdalena"]
[Result "1-0"]
[WhiteElo "1869"]
[BlackElo "1706"]
[EventDate "2022.10.12"]
[PlyCount "147"]

1.e4 e6 2.d4 d5 3.Nc3 Bb4 4.exd5 exd5 5.Bd3 Ne7 6.Nf3 Bg4 7.O-O Nbc6 8.a3 
Bxf3 9.Qxf3 Nxd4 10.Qg4 Bxc3 11.bxc3 Ne6 12.Re1 Qd6 13.a4 O-O 14.Ba3 c5 
15.Re3 Ng6 16.Rae1 b6 17.Bf5 Nc7 18.Bc1 Rfe8 19.h4 Rxe3 20.Bxe3 Re8 21.Re2
d4 22.Bd2 dxc3 23.Rxe8+ Nxe8 24.Bxc3 Nf6 25.Qc4 Ne5 26.Qe2 Ng6 27.g3 Qd5 
28.Bd3 Qc6 29.h5 Nf8 30.Bc4 Qd6 31.Qf3 N8d7 32.g4 Kf8 33.g5 Ne5 34.Bxe5 
Qxe5 35.gxf6 gxf6 36.Bd3 h6 37.Qg4 a5 38.Bh7 Qe1+ 39.Kg2 Qe5 40.Qf5 Qd4 
41.Qd3 Qg4+ 42.Kf1 Kg7 43.Be4 Qxh5 44.Ke1 Qg5 45.Qg3 h5 46.Ke2 h4 47.Qxg5+
fxg5 48.Kf3 Kf6 49.Kg4 Ke5 50.Bf5 f6 51.Bd7 Ke4 52.Bc6+ Ke5 53.c3 Kd6 54.
Bb5 Ke5 55.Bc4 Ke4 56.Ba6 Ke5 57.Bb7 Ke6 58.Bh1 Ke5 59.Bg2 Ke6 60.f4 gxf4 
61.Kxf4 f5 62.c4 Kf6 63.Bh3 Ke6 64.Bxf5+ Kd6 65.Ke4 Kc7 66.Kd5 Kb7 67.Kd6 
Kb8 68.Kc6 Ka7 69.Kb5 Kb7 70.Be4+ Ka7 71.Bh1 h3 72.Bf3 h2 73.Bh1 Kb8 74.
Kxb6 1-0

[Event "38th WCh U20 Girls"]
[Site "Cala Gonone ITA"]
[Date "2022.10.19"]
[Round "8.26"]
[White "Shaw, Laurie Ann"]
[Black "Ruiz Villalba, Andrea"]
[Result "0-1"]
[WhiteElo "1409"]
[BlackElo "1764"]
[EventDate "2022.10.12"]
[PlyCount "70"]

1.d4 Nf6 2.c4 g6 3.Nf3 Bg7 4.g3 O-O 5.Bg2 d5 6.cxd5 Nxd5 7.e4 Nb6 8.O-O 
Nc6 9.Be3 Nc4 10.Qc2 Nxe3 11.fxe3 Bh6 12.Re1 Qd6 13.a3 Bg4 14.Nc3 Bxf3 15.
Bxf3 e5 16.Rad1 exd4 17.Nd5 Ne5 18.Bg2 d3 19.Qf2 c6 20.Nf4 Rad8 21.Rd2 g5 
22.Nh5 Qg6 23.Nf6+ Kg7 24.Rf1 Rd6 25.Qf5 Qxf6 26.b3 Qxf5 27.exf5 g4 28.Kf2
Re8 29.Rfd1 Kf6 30.Bf1 Red8 31.a4 Kxf5 32.h3 Ke4 33.Re1 Rf6+ 34.Kg1 Nf3+ 
35.Kh1 Nxd2 0-1

[Event "38th WCh U20 Girls"]
[Site "Cala Gonone ITA"]
[Date "2022.10.19"]
[Round "8.27"]
[White "Saravanan, Durga"]
[Black "Gardiner, Noa Saxon"]
[Result "1-0"]
[WhiteElo "1736"]
[BlackElo "1266"]
[EventDate "2022.10.12"]
[PlyCount "67"]

1.d4 Nf6 2.c4 e6 3.Nc3 Bb4 4.e3 b6 5.Bd3 Bb7 6.Nf3 Ne4 7.Qc2 f5 8.O-O Bxc3
9.bxc3 O-O 10.c5 bxc5 11.Rb1 Qc8 12.Ba3 Nc6 13.Bxe4 fxe4 14.Ng5 Na5 15.
Nxe4 Nc4 16.Bc1 cxd4 17.cxd4 Nb6 18.Ng5 Rf5 19.e4 Rf6 20.Nxh7 Kxh7 21.e5+ 
Rg6 22.Rb3 Qe8 23.Rg3 Qf7 24.Rg5 Rf8 25.h4 Ba6 26.h5 Kg8 27.hxg6 Qe7 28.
Qe4 Rf5 29.Qh4 Qxg5 30.Bxg5 Rxg5 31.Qh7+ Kf8 32.Qh8+ Ke7 33.Qxg7+ Kd8 34.
Qf8# 1-0

[Event "38th WCh U20 Girls"]
[Site "Cala Gonone ITA"]
[Date "2022.10.19"]
[Round "8.28"]
[White "Badenhorst, Chloe"]
[Black "Singgih, Diajeng Theresa"]
[Result "1/2-1/2"]
[WhiteElo "1687"]
[BlackElo "1991"]
[EventDate "2022.10.12"]
[PlyCount "73"]

1.e4 e5 2.Nf3 Nc6 3.Bb5 a6 4.Ba4 Nf6 5.d3 b5 6.Bb3 Bc5 7.Nc3 O-O 8.Nd5 h6 
9.c3 d6 10.Nxf6+ Qxf6 11.Bd5 Bb7 12.g4 Nd8 13.g5 hxg5 14.Bxg5 Qg6 15.Bxb7 
Nxb7 16.Rg1 f6 17.Bd2 Qh5 18.Qb3+ Rf7 19.Rg3 c6 20.Ke2 Bb6 21.Rag1 d5 22.
a4 Nc5 23.Qa2 Rd8 24.Rg4 Rfd7 25.Be3 Nxa4 26.Bh6 g5 27.Rxg5+ fxg5 28.Rxg5+
Qxg5 29.Bxg5 Rf8 30.exd5 Rdf7 31.d6 Kh7 32.Qe6 Rxf3 33.Qh6+ Kg8 34.Qg6+ 
Kh8 35.Qh6+ Kg8 36.Qg6+ Kh8 37.Qh6+ 1/2-1/2

[Event "38th WCh U20 Girls"]
[Site "Cala Gonone ITA"]
[Date "2022.10.19"]
[Round "8.29"]
[White "Ishvi, Aggarwal"]
[Black "Middleton, Jody"]
[Result "1-0"]
[WhiteElo "1964"]
[BlackElo "1850"]
[EventDate "2022.10.12"]
[PlyCount "91"]

1.d4 d5 2.c4 c6 3.Nf3 Nf6 4.Nc3 e6 5.e3 a6 6.a4 Qa5 7.c5 Ne4 8.Qb3 Nd7 9.
Bd3 f5 10.O-O Qc7 11.Bxe4 fxe4 12.Ng5 Nf6 13.f3 h6 14.Nh3 exf3 15.Rxf3 Be7
16.Nf4 g5 17.Ng6 Rg8 18.Ne5 Nd7 19.Nd3 e5 20.Bd2 e4 21.Nxe4 Rg6 22.Ng3 Nf8
23.Ne5 Re6 24.Qc2 Bd7 25.Raf1 O-O-O 26.Nf5 Be8 27.Nxe7+ Qxe7 28.Rxf8 Kb8 
29.Qb3 Rc8 30.R8f7 Bxf7 31.Rxf7 Rxe5 32.Rxe7 Rxe7 33.Be1 Rf8 34.Bg3+ Kc8 
35.Bd6 Ref7 36.Bxf8 Rxf8 37.Qd1 Re8 38.Qg4+ Kb8 39.Kf2 Kc7 40.Qh5 Rf8+ 41.
Ke2 b6 42.Qxh6 Rb8 43.Qd6+ Kc8 44.Qxc6+ Kd8 45.Qd6+ Kc8 46.cxb6 1-0

[Event "38th WCh U20 Girls"]
[Site "Cala Gonone ITA"]
[Date "2022.10.19"]
[Round "8.30"]
[White "Silvera, Pilar"]
[Black "Georges, Lisa"]
[Result "1-0"]
[WhiteElo "1470"]
[BlackElo "1799"]
[EventDate "2022.10.12"]
[PlyCount "67"]

1.e4 c5 2.Nf3 Nc6 3.d4 cxd4 4.Nxd4 e5 5.Nb5 d6 6.N1c3 a6 7.Na3 Be6 8.g3 b5
9.Nd5 Nf6 10.Bg2 Be7 11.c3 O-O 12.O-O Rc8 13.Nc2 Nd7 14.Nce3 Bg5 15.Nf5 
Bxc1 16.Rxc1 Nf6 17.Nxd6 Rb8 18.Nf5 Nxd5 19.exd5 Bxf5 20.dxc6 Qc7 21.Qd5 
Rbd8 22.Qf3 Bd3 23.Rfd1 e4 24.Qe3 f5 25.Rd2 f4 26.gxf4 Rxf4 27.Rcd1 Rg4 
28.h3 Rg6 29.Kh1 Re8 30.Rxd3 Qxc6 31.Rd8 Re6 32.Rxe8+ Qxe8 33.Rd4 Qh5 34.
Rxe4 1-0

[Event "38th WCh U20 Girls"]
[Site "Cala Gonone ITA"]
[Date "2022.10.19"]
[Round "8.31"]
[White "Jacobsen, Shanne Hedegaard"]
[Black "Mikic, Ivana"]
[Result "0-1"]
[WhiteElo "1412"]
[BlackElo "1783"]
[EventDate "2022.10.12"]
[PlyCount "108"]

1.d4 Nf6 2.Nf3 e6 3.Bf4 d5 4.e3 c5 5.Nbd2 Nc6 6.c3 Bd6 7.Bg3 O-O 8.Bd3 c4 
9.Bc2 b5 10.e4 dxe4 11.Nxe4 Be7 12.Qe2 Bb7 13.Rd1 g6 14.Nc5 Qb6 15.O-O 
Rad8 16.Nxb7 Qxb7 17.Bf4 Rfe8 18.h4 Nh5 19.Bh6 Bf8 20.Qe3 Ng7 21.Bg5 Be7 
22.g4 Qd7 23.Ne5 Qc7 24.Nxc6 Bxg5 25.Qxg5 Qxc6 26.Rfe1 Rd5 27.Re5 Qd7 28.
Rde1 Rxe5 29.Rxe5 a6 30.Rc5 f5 31.f3 Qd6 32.Re5 Qd8 33.Qxd8 Rxd8 34.Kg2 
Kf7 35.Kg3 Ne8 36.g5 Nc7 37.a3 Nd5 38.f4 a5 39.Bb1 Ke7 40.Ba2 Rc8 41.Bb1 
Kd6 42.Kf3 b4 43.axb4 axb4 44.cxb4 Rb8 45.Re2 Rxb4 46.Rf2 Rb3+ 47.Kg2 
Nxf4+ 48.Kf1 Nd3 49.Rf3 Rxb2 50.Bxd3 cxd3 51.Rxd3 Rh2 52.Ra3 Rxh4 53.Ra6+ 
Kd5 54.Ra5+ Ke4 0-1

[Event "38th WCh U20 Girls"]
[Site "Cala Gonone ITA"]
[Date "2022.10.19"]
[Round "8.32"]
[White "Velikova, Gabriela"]
[Black "Oliveira, Beatriz Correia"]
[Result "1/2-1/2"]
[WhiteElo "1500"]
[BlackElo "1538"]
[EventDate "2022.10.12"]
[PlyCount "114"]

1.e4 d5 2.exd5 Qxd5 3.h3 Nf6 4.Nf3 Bf5 5.Nc3 Qa5 6.Bc4 e6 7.O-O Bb4 8.Ne2 
Nbd7 9.c3 Bd6 10.d4 c6 11.Bf4 Qc7 12.Bxd6 Qxd6 13.Ng3 Bg6 14.Re1 h6 15.Qb3
O-O 16.Ne5 b5 17.Bf1 Bh7 18.f4 Nb6 19.Qd1 a6 20.Qf3 Rac8 21.Bd3 Bxd3 22.
Nxd3 Na4 23.Rac1 c5 24.b3 c4 25.bxa4 cxd3 26.Qxd3 Qxf4 27.axb5 axb5 28.Rf1
Qd6 29.Ne2 Qa3 30.Rc2 b4 31.Rb1 bxc3 32.Nxc3 Nd5 33.Rb3 Qa5 34.Nxd5 Qxd5 
35.Rxc8 Rxc8 36.Qe3 Rd8 37.Kf2 Rc8 38.Kg1 Qf5 39.Kh2 Rc2 40.a4 Qg6 41.Qf3 
Rc4 42.a5 Ra4 43.Ra3 Qc2 44.Rxa4 Qxa4 45.Qc3 g6 46.Qc8+ Kg7 47.a6 Qxd4 48.
Qb8 e5 49.a7 Qf4+ 50.Kg1 Qc1+ 51.Kf2 Qd2+ 52.Kf3 Qd3+ 53.Kf2 Qd2+ 54.Kg1 
Qc1+ 55.Kh2 Qf4+ 56.Kh1 Qc1+ 57.Kh2 Qf4+ 1/2-1/2

[Event "38th WCh U20 Girls"]
[Site "Cala Gonone ITA"]
[Date "2022.10.20"]
[Round "9.1"]
[White "Beydullayeva, Govhar"]
[Black "Mkrtchian, Mariam"]
[Result "1-0"]
[WhiteElo "2356"]
[BlackElo "2374"]
[EventDate "2022.10.12"]
[PlyCount "93"]

1.d4 d5 2.c4 c6 3.Nf3 Nf6 4.Nc3 dxc4 5.a4 Bf5 6.Ne5 Nbd7 7.Nxc4 Qc7 8.g3 
e5 9.dxe5 Nxe5 10.Bf4 Nfd7 11.Bg2 g5 12.Ne3 gxf4 13.Nxf5 O-O-O 14.Qc2 Nc5 
15.O-O fxg3 16.hxg3 a5 17.Rad1 h5 18.e3 Kb8 19.Ne4 Nxe4 20.Bxe4 Bb4 21.Kg2
Rdg8 22.Rh1 Ng6 23.Kf1 Be7 24.Qb3 Bb4 25.Qc2 Ne7 26.Nd4 Rg5 27.Ke2 Re8 28.
Bf3 Qe5 29.Rh4 Nd5 30.Re4 Qh8 31.Nxc6+ bxc6 32.Qxc6 Qxb2+ 33.Kf1 Re6 34.
Rxe6 fxe6 35.Qxe6 Qb3 36.Rxd5 Rxd5 37.Bxd5 Qd1+ 38.Kg2 Kc7 39.Qc6+ Kd8 40.
Bf3 Qa1 41.Bxh5 Be1 42.Qd6+ Kc8 43.Bg4+ Kb7 44.Qd7+ Kb6 45.Qb5+ Kc7 46.
Qc5+ Kd8 47.Qd6+ 1-0

[Event "38th WCh U20 Girls"]
[Site "Cala Gonone ITA"]
[Date "2022.10.20"]
[Round "9.2"]
[White "Urh, Zala"]
[Black "Salimova, Nurgyul"]
[Result "1/2-1/2"]
[WhiteElo "2221"]
[BlackElo "2415"]
[EventDate "2022.10.12"]
[PlyCount "41"]

1.d4 Nf6 2.c4 e6 3.Nf3 d5 4.Nc3 Bb4 5.Bg5 O-O 6.e3 c5 7.cxd5 exd5 8.dxc5 
h6 9.Bxf6 Qxf6 10.Rc1 Nc6 11.a3 Bxc3+ 12.Rxc3 Bg4 13.Be2 Bxf3 14.Bxf3 d4 
15.exd4 Rae8+ 16.Re3 Nxd4 17.Be4 Nf5 18.Re2 Nd4 19.Re3 Nf5 20.Re2 Nd4 21.
Re3 1/2-1/2

[Event "38th WCh U20 Girls"]
[Site "Cala Gonone ITA"]
[Date "2022.10.20"]
[Round "9.3"]
[White "Serikbay, Assel"]
[Black "Hajiyeva, Laman"]
[Result "1/2-1/2"]
[WhiteElo "2181"]
[BlackElo "2138"]
[EventDate "2022.10.12"]
[PlyCount "105"]

1.d4 d5 2.Nf3 Nf6 3.c4 c6 4.e3 e6 5.Bd3 dxc4 6.Bxc4 c5 7.O-O cxd4 8.exd4 
Be7 9.Nc3 O-O 10.d5 exd5 11.Nxd5 Nxd5 12.Bxd5 Nd7 13.Qc2 Nf6 14.Bc4 Bg4 
15.Ng5 Rc8 16.Qb3 Bh5 17.Bd3 Qc7 18.h3 Qe5 19.Bd2 Bd6 20.g3 Qe7 21.Rfe1 
Qd7 22.Bb5 Qd8 23.Bc3 a6 24.Bf1 Nd7 25.Ne4 Nc5 26.Nxc5 Bxc5 27.Qxb7 Qd6 
28.Qg2 Qb6 29.g4 Bg6 30.Rad1 a5 31.Bd3 a4 32.Be4 Rcd8 33.Bd5 Kh8 34.Qg3 f5
35.Qe5 Bxf2+ 36.Kg2 Rd7 37.Re2 fxg4 38.hxg4 Bh4 39.g5 Qd8 40.Bf7 Qa8+ 41.
Bd5 Qb8 42.Rd4 Re7 43.Be6 Qb7+ 44.Qd5 Qxd5+ 45.Rxd5 Bh5 46.Bb4 Bxe2 47.
Bxe7 Bf3+ 48.Kh3 Bxd5 49.Bxf8 Bxe6+ 50.Kxh4 Bxa2 51.Bb4 Kg8 52.g6 hxg6 53.
Kg5 1/2-1/2

[Event "38th WCh U20 Girls"]
[Site "Cala Gonone ITA"]
[Date "2022.10.20"]
[Round "9.4"]
[White "Jarocka, Liwia"]
[Black "Schneider, Jana"]
[Result "1-0"]
[WhiteElo "2089"]
[BlackElo "2331"]
[EventDate "2022.10.12"]
[PlyCount "61"]

1.e4 e5 2.Nf3 Nc6 3.Bb5 a6 4.Ba4 Nf6 5.O-O b5 6.Bb3 Bc5 7.a4 Bb7 8.d3 O-O 
9.Nc3 b4 10.Nd5 h6 11.Be3 Bxe3 12.Nxf6+ Qxf6 13.fxe3 Qe7 14.Qe1 Qc5 15.Qf2
Ne7 16.Rae1 d6 17.Qh4 Ng6 18.Qg3 Ne7 19.Nh4 Qc6 20.Rf3 Kh8 21.Ref1 f6 22.
Ng6+ Nxg6 23.Qxg6 Qd7 24.Rh3 Rae8 25.Rf5 d5 26.Rfh5 Re7 27.exd5 f5 28.d6 
cxd6 29.Rxh6+ gxh6 30.Qxh6+ Rh7 31.Qxf8# 1-0

[Event "38th WCh U20 Girls"]
[Site "Cala Gonone ITA"]
[Date "2022.10.20"]
[Round "9.5"]
[White "Kamalidenova, Meruert"]
[Black "Schulze, Lara"]
[Result "1-0"]
[WhiteElo "2376"]
[BlackElo "2266"]
[EventDate "2022.10.12"]
[PlyCount "87"]

1.e4 c5 2.Nf3 Nc6 3.Bb5 g6 4.O-O Bg7 5.c3 e5 6.d4 cxd4 7.cxd4 exd4 8.Bf4 
a6 9.Qa4 Nge7 10.Bd6 b6 11.Bc4 O-O 12.Nbd2 Bb7 13.Qa3 Ra7 14.Rac1 Ba8 15.
Bd5 h6 16.Nc4 b5 17.Nce5 b4 18.Qd3 Nxe5 19.Nxe5 Bxd5 20.exd5 Re8 21.Qxd4 
Rb7 22.Qd2 Rb5 23.Bxe7 Rxe7 24.Nc4 d6 25.Rfe1 a5 26.Rxe7 Qxe7 27.b3 Rc5 
28.g3 Qe4 29.Rd1 Qe7 30.Re1 Qf6 31.Qd3 h5 32.h4 Kh7 33.Kg2 Qd8 34.Qf3 Bf6 
35.Qe4 Kg7 36.Re3 Qa8 37.Nxd6 Bc3 38.Rd3 a4 39.Nc4 axb3 40.axb3 Qa2 41.
Rxc3 bxc3 42.Qd4+ Kh7 43.Qxc5 c2 44.Ne3 1-0

[Event "38th WCh U20 Girls"]
[Site "Cala Gonone ITA"]
[Date "2022.10.20"]
[Round "9.6"]
[White "Hrebenshchykova, Yelyzaveta"]
[Black "Kucharska, Honorata"]
[Result "1-0"]
[WhiteElo "2268"]
[BlackElo "2179"]
[EventDate "2022.10.12"]
[PlyCount "129"]

1.e4 e6 2.d4 d5 3.Nc3 Bb4 4.e5 Qd7 5.h4 b6 6.h5 h6 7.Bd2 Nc6 8.a3 Bf8 9.
Be3 Bb7 10.f4 Nge7 11.Nf3 a5 12.g4 Na7 13.Bh3 O-O-O 14.f5 Kb8 15.Qd2 Bc8 
16.Nh4 Qc6 17.Ne2 Ng8 18.fxe6 Bxe6 19.Nf4 Be7 20.Nf3 Re8 21.Qd3 Bd8 22.
O-O-O Ne7 23.Nh4 Bc8 24.Nf5 Nxf5 25.gxf5 Bg5 26.Bg2 Qc4 27.Qxc4 dxc4 28.
Be4 Bb7 29.Bxb7 Kxb7 30.Ng2 Be7 31.d5 c3 32.a4 b5 33.Bd4 cxb2+ 34.Kxb2 
bxa4 35.c4 Bb4 36.e6 fxe6 37.fxe6 Nc8 38.Ne3 Nd6 39.Bxg7 Rhg8 40.Be5 Ne4 
41.Rhf1 Rg5 42.Rf5 Reg8 43.Rxg5 Rxg5 44.Bf4 Rxh5 45.Rg1 Rh3 46.Kc2 Bc5 47.
Rg7 Rf3 48.Rxc7+ Kb6 49.Rc6+ Kb7 50.Rc7+ Kb6 51.e7 Bxe7 52.d6 Rf2+ 53.Kd3 
Bxd6 54.Nd5+ Ka6 55.Bxd6 Nxd6 56.Rc6+ Ka7 57.Rxd6 a3 58.Rxh6 a2 59.Rh1 Rh2
60.Ra1 Kb7 61.Nc3 Kc6 62.Rxa2 Rh3+ 63.Kd4 Rh4+ 64.Ne4 Rh5 65.Rg2 1-0

[Event "38th WCh U20 Girls"]
[Site "Cala Gonone ITA"]
[Date "2022.10.20"]
[Round "9.7"]
[White "Rudzinska, Michalina"]
[Black "Kanyamarala, Trisha"]
[Result "0-1"]
[WhiteElo "2259"]
[BlackElo "2174"]
[EventDate "2022.10.12"]
[PlyCount "68"]

1.e4 c5 2.c3 d5 3.exd5 Qxd5 4.d4 Nc6 5.Nf3 Bg4 6.dxc5 Qxd1+ 7.Kxd1 O-O-O+ 
8.Nd2 e5 9.b4 Nf6 10.Kc2 Bf5+ 11.Kb2 Ng4 12.Ng5 Nxf2 13.Nxf7 Nxh1 14.Nxh8 
Nf2 15.Nf7 Nd1+ 16.Kb3 Rd7 17.Ng5 Ne3 18.Bc4 Nxc4 19.Kxc4 Be7 20.Nge4 Be6+
21.Kb5 Rd3 22.Ka4 a6 23.Ka3 Nd4 24.Kb2 Ne2 25.Kc2 Re3 26.Bb2 Bf5 27.Rf1 
Bg6 28.Rf2 Nf4 29.g3 Nd3 30.Re2 Rxe2 31.Kxd3 Rxh2 32.Bc1 Rh1 33.Bb2 Re1 
34.c4 Bg5 0-1